Normal view
MARC view
- تأليف البرقوني، عدلي
Entry Personal Name
001 - CONTROL NUMBER
- control field: 8077
003 - CONTROL NUMBER IDENTIFIER
- control field: JO-AjAnu
005 - DATE AND TIME OF LATEST TRANSACTION
- control field: 20230606071613.0
008 - FIXED-LENGTH DATA ELEMENTS
- fixed length control field: 230606|| aca||aabn | a|a d
040 ## - CATALOGING SOURCE
- Original cataloging agency: JO-AjAnu
- Transcribing agency: JO-AjAnu
100 ## - HEADING--PERSONAL NAME
- Personal name: تأليف البرقوني، عدلي
670 ## - SOURCE DATA FOUND
- Source citation: Work cat.: (JO-AjAnu)4172: تأليف البرقوني، عدلي, author, كيف تتحدث اللغة الفرنسية؟ دليلك..في السياحة والسفر والتسوق والعمل